00413nam a22001217a 4500082000900000100002400009245015800033260002900191300001800220526001800238650001100256700002400267 aT-32 aMuhammad Zafar Amin aA Comparative Study of the bearing capacity from the plate load test and bearing capacity equations for predominantly cohesive soilscMuhammad Zafar Amin aRisalpurbMCEc18-3-1996 a165p.:c40cm. a0b0c0dT_32 aThesis aSyed Muhammad jamil